00417pab a2200157 454500008004000000100002200040245007000062260000900132300001300141362000800154650001500162650001000177650001800187700002500205773002900230180718b2008 xxu||||| |||| 00| 0 eng d aMelasen, Ariel R. aHow hurricanes affect wages and employment in local labor markets c2008 ap.49-53. aMay aEmployment aWages aLabour market aPolachek, Solomon W. aAmerican Economic Review